NRL Warriors name the year #3 - Statistics

General Stats
  • This quiz has been taken 3 times
  • The average score is 12 of 15
Answer Stats
Hint Answer % Correct
Broncos 38 (Carroll 2, Carne, Hancock, Ryan, Sailor, Kerrod Walters, Kevin Walters tries; Carne 3 goals)
Warriors 6 (Hoppe try; Ngamu goal)
1996
100%
Sea Eagles 38 (Menzies 3, Field, Hill, Hopoate, Torrens tries; Phillips 5 goals)
Warriors 12 (Kearney, Lauiti'iti tries; Ridge 2 goals)
1998
100%
Bulldogs 54 (Utai 4, El Masri, Grimaldi, O'Meley, Patten, Tonga, Williams tries; El Masri 7 goals)
Warriors 10 (Martin 2 tries; Jones goal)
2004
100%
Titans 28 (Zillman 2, Gordon, Rogers, Toopi tries; Prince 4 goals)
Warriors 16 (Heremaia, Moon, Vatuvei tries; Maloney 2 goals)
2010
100%
Panthers 27 (Peachey 2, Crichton, Maloney tries; Cleary 5 goals; Maloney FG)
Warriors 12 (Fusitua, Luke tries; Johnson 2 goals)
2018
100%
Warriors 40 (Keighran 3, Herbert 2, Katoa 2, Nikorima tries; Harris-Tavita 4 goals)
Sea Eagles 28 (Miski 2, Garrick, Parker, Paseka, Waddell tries; Garrick 2 goals)
2020
100%
Titans 27 (Brimson, Campbell, Fermor, Turner tries; Boyd 5 goals; Boyd FG)
Warriors 26 (Curran 2, Arthars, Vailea, Watene-Zelezniak tries; Walsh 2, Harris-Tavita goals)
2022
100%
Warriors 30 (Watene-Zelezniak 3, Metcalf, Montoya, Nicoll-Klokstad tries; Johnson 3 goals)
Sharks 28 (Stonestreet 2, Hazelton, Iro, Wilton tries; Trindall 4 goals)
2024
100%
Warriors 32 (Mears 2, Fa'afili, Manuel, Simon, Spence tries; Jones 4 goals)
Northern Eagles 22 (Buettner, Menzies, Penny, Reeves tries; Orford 3 goas)
2000
67%
Roosters 30 (Fitzgibbon, Flannery, Fletcher, Hegarty, Wing tries; Fitzgibbon 5 goals)
Warriors 8 (Jones try; Cleary 2 goals)
2002
67%
Broncos 36 (Hodges 2, Berrigan, Hunt, Lockyer, Perry tries; Parker 4, Lockyer 2 goals)
Warriors 12 (Byrne, Gatis tries; Hohaia 2 goals)
2006
67%
Sea Eagles 32 (B Stewart 2, Matai, Menzies, Orford, Robertson, G Stewart tries; Matai, Orford goals)
Warriors 6 (Kirk try, Hohaia goal)
2008
67%
Raiders 42 (Ferguson 2, Robinson 2, Berrigan, Fensom, Papalii tries; Croker 7 goals)
Warriors 22 (Vatuvei 2, Godinet, Matulino tries; Henry 2, Maloney goals)
2012
67%
Eels 40 (French 3, De Gois 2, Jennings, Radradra tries; Gordon 5, Radradra goals)
Warriors 18 (Mannering 2, Vatuvei tries; Luke 3 goals)
2016
67%
Panthers 22 (Watene-Zelezniak 2, Moylan, Segeyaro tries; Soward 3 goals)
Warriors 6 (Vatuvei try; Johnson goal)
2014
33%
No matching quizzes found
Score Distribution
Percent of People with Each Score
Percentile by Number Answered
Your Score History
You have not taken this quiz